000 00541nam a22001812 4500
001 0000024018
005 20151217152254.0
008 130429s xx 000 0 eng d
040 _aKABU
_cKABU
245 1 4 _aThe Care of requesting induced abortion :
_bguideline summary.
250 _a1st ed.
260 _aLondon :
_bRCOG Press,
_c2004.
300 _aviii, 15 p.
650 0 _aAbortion (Obsetrical)
_zGreat Britain.
_@0000183903
852 1 _9p400 KES
908 _a130429
950 _@1
999 _c10130
_d10130